000 01012nam a22002777a 4500
001 676
005 20240326145843.0
020 _a978043922715
040 _aDLC
_cDLC
_dDLC
_dWaU
_dDLC
_dFISKH
_beng
050 0 0 _aPZ7.V597
_bTw8 2000
082 0 0 _aFic
_221
100 1 _aVerne, Jules,
_d1828-1905.
245 1 0 _a20,000 leagues under the sea /
_cJules Verne ; With an introduction by Bruce Coville
246 3 0 _aTwenty thousand leagues under the sea
260 _aNew York :
_bScholastic,
_c2000.
300 _a426, 2 unnumbered pages :
_c18 cm.
505 _aZ
520 _aRetells the adventures of a French professor and his two companions as they sail above and below the world's oceans as prisoners on the fabulous electric submarine of the deranged Captain Nemo.
521 _a1100
_bLexile
521 _aZ1
_bRaz-Plus
650 1 _aScience fiction.
650 1 _aSubmarines (Ships)
_vFiction.
650 1 _aSea stories.
906 _a7
_bcbc
_corignew
_d1
_eocip
_f20
_gy-gencatlg
942 _2ddc
_cBK
_n0
999 _c676
_d676